000 00484nam a22001937a 4500
003 OSt
005 20180116183055.0
008 160907b xxu||||| |||| 00| 0 eng d
020 _a0
040 _c0
082 _a302.35 ORG 2000
100 _aOrganizations
245 _aOrganizations and Organization Theory
260 _anil
_bnil
_c2000
300 _a299 p.
_bHB. photo copy
440 _aOrganizations and Organization Theory
500 _aphoto copy
942 _2ddc
_cBK
999 _c351791
_d351791